Welcome to the Holygrace Academy Library

Please use search bar below to get started

WISE AND OTHERWISE (Record no. 8954)

MARC details
000 -LEADER
fixed length control field 00596nam a22001457a 4500
082 ## - DEWEY DECIMAL CLASSIFICATION NUMBER
Classification number 823
Item number MUR/W
100 ## - MAIN ENTRY--AUTHOR NAME
Personal name MURTY,SUDHA
245 ## - TITLE STATEMENT
Title WISE AND OTHERWISE
246 ## - VARYING FORM OF TITLE
Title proper/short title WISE AND OTHERWISE
Remainder of title WISE AND OTHERWISE
260 ## - PUBLICATION, DISTRIBUTION, ETC. (IMPRINT)
Place of publication INDIA
Name of publisher PENGUIN BOOKS,
Year of publication 2023
300 ## - PHYSICAL DESCRIPTION
Number of Pages 220
520 ## - SUMMARY, ETC.
Summary, etc A man dumps his aged father in an old-age home after declaring him to be a homeless stranger, a tribal chief in the Sahyadri hills teaches the author that there is humility in receiving too, and a sick woman remembers to thank her benefactor even from her deathbed.
650 ## - SUBJECT ADDED ENTRY--TOPICAL TERM
Topical Term ENGLISH STORIES
942 ## - ADDED ENTRY ELEMENTS (KOHA)
Koha item type Books
Holdings
Withdrawn status Lost status Collection code Home library Current library Shelving location Date acquired Source of acquisition Cost, normal purchase price Full call number Accession Number Koha item type
    Fiction Main Library Main Library SHELF 14 H ALPHEBETICAL - M-FICTION 27/09/2024 PURCHASED 275.00 823 MUR/W 13714 Books